000 00505nam a2200133Ia 4500
008 171212s9999 xx 000 0 und d
020 _a9780833032072
100 _aKarasik, Theodore W.
245 _cKarasik, Theodore W.
_aToxic Warfare
260 _bRAND Corporation
_c2002
650 _aPoisons -- War use; Toxins -- War use; Hazardous substances -- War use; Biological warfare; Radioactive wastes -- War use; Terrorism
650 _aPolitical Science
856 _uwww.jstor.org/stable/10.7249/mr1572af
999 _c352750
_d352750